Κατάλογος Βιβλιοθηκών Mediterranean College

Η Ευτυχία να Εισαι Νευρωτικός (Record no. 3252)

MARC details
000 -LEADER
fixed length control field 02471cam a22002054a 4500
005 - ΗΜΕΡΟΜΗΝΙΑ ΚΑΙ ΩΡΑ ΤΕΛΕΥΤΑΙΑΣ ΕΝΗΜΕΡΩΣΗΣ
Πεδίο ελέγχου 20250605164110.0
008 - FIXED-LENGTH DATA ELEMENTS--GENERAL INFORMATION
Πεδίο ελέγχου σταθερού μήκους 250528s ||||||||||||||||||||||||d
035 ## - SYSTEM CONTROL NUMBER
System control number 17852
020 ## - ISBN
ISBN 9789605279479
040 ## - ΠΗΓΗ ΚΑΤΑΛΟΓΟΓΡΑΦΗΣΗΣ
Φορέας πρωτότυπης καταλογογράφησης MC Athens Campus Library
Γλώσσα καταλογογράφησης Ελληνικά, Μοντέρνα (1453-)
Modifying agency MC Athens Campus Library
Κανόνες περιγραφικής καταλογογράφησης AACR2
245 1# - ΤΙΤΛΟΣ ΚΑΙ ΔΗΛΩΣΗ ΥΠΕΥΘΥΝΟΤΗΤΑΣ
Τίτλος Η Ευτυχία να Εισαι Νευρωτικός
260 ## - PUBLICATION, DISTRIBUTION, ETC.
Name of publisher, distributor, etc. Άρμος,
Date of publication, distribution, etc. 2016
300 ## - PHYSICAL DESCRIPTION
Extent 344
520 ## - SUMMARY, ETC.
Summary, etc. Νευρωτικός και ευτύχης: Μια εφάνταστη ιδέα; Οι νευρώσεις συνδέονται συχνά με τις απωθημένες επιθυμίες και συναισθήματα των ατόμων ή με την τραυματική και δυσθυμη συμπεριφορά τους. Όσοι έχουν μελαγχολία ας εφησυχαστούν: Μια μικρή αλλαγή στον τρόπο με τον οποίο αντιλαμβάνονται τον κόσμο ή ερμηνεύουν την πραγματικότητα μπορεί να αλλάξει τη ζωή τους. Πρόλογος, Εισαγωγή, Ο Νευρωτικός στις Διαπροσωπικές του Σχέσεις, Συναισθήματα και Συγκινήσεις, Πώς οι Συγκινήσεις μας Μπορούν να Μετατραπούν σε Βία, Πώς η Σύγχρονη Ζωή Ευνοεί τις Ιδεοψυχαναγκαστικές Διαταραχές, Διατροφικές Ψυχαναγκαστικές Διαταραχές ή Εργασιομανία - Workaholism: Η Τέχνη της Πλήρωσης των Κενών, Στρες και Αγωνία και Άγχος και Κατάθλιψη...: Δεινά πολυ Κοινά σε Όλους μας, Ο Νευρωτικός στις Κοινωνικές του Σχέσεις, Μια Σειρά Αρχετυπικών Χαρακτήρων, Ο Μεγαλομανής και ο Καλύτερος και Υπεράνω των Νόμων, Ο Τελειομανής: Αδρανής και Αποτελεσματικός ή Αποδοτικός, Αναγνωρίστε και Θεραπεύστε τις Νευρώσεις σας, Διαφορετικοί Τύποι Νευρώσεων, Μεγαλείο και Δυσκολίες του Λόγου, Συμπερασμα, Βιβλιογραφία.
700 1# - ΠΡΟΣΘΕΤΗ ΑΝΑΓΡΑΦΗ--ΦΥΣΙΚΟ ΠΡΟΣΩΠΟ
Personal name Drillon Dominique
9 (RLIN) 4135
700 1# - ΠΡΟΣΘΕΤΗ ΑΝΑΓΡΑΦΗ--ΦΥΣΙΚΟ ΠΡΟΣΩΠΟ
Personal name Τσιγκάνου Βασιλική
9 (RLIN) 4136
942 ## - ADDED ENTRY ELEMENTS (KOHA)
Koha item type Books
Holdings
Τύπος τεκμηρίου Βιβλιοθήκη Τρέχουσα τοποθεσία Barcode Αριθμός εισαγωγής Ημερομηνία απόκτησης Ταξιθετικό σύμβολο Αριθμός αντιτύπου Κατάσταση απόσυρσης Κατάσταση χαμένου Κατάσταση κατεστραμμένου Μη δανεισμός Σύνολο δανεισμών Ημερομηνία τελευταίας εμφάνισης Χρονολογία τελευταίου δανεισμού Η τιμή ισχύει από
Books MC Athens Campus Library MC Athens Campus Library 9780000032515 7317 05/06/2025 150.195 DRI 1         1 13/10/2025 06/10/2025 05/06/2025

MC Athens Campus Library
Πατησίων 94 & Κοδριγκτώνος 13, 104 34
Πελλήνης 8 & Πατησίων 107, 112 51
Τ: +30 210 8899600

MC Thessaloniki Campus Library
Ίωνος Δραγούμη 21, 54625 | Ίωνος Δραγούμη 15, 54625
Τ: +30 2310 287779 – Τ: +30 2314 440300